Collection building : a case study of the Tamil Malaysiana collection in the University of Malaya Library /
Saved in:
| Main Author: | |
|---|---|
| Format: | Thesis Book |
| Language: | English |
| Published: |
1990.
|
| Subjects: | |
| Tags: |
Add Tag
No Tags, Be the first to tag this record!
|
| LEADER | 01391cam a2200325 i 4500 | ||
|---|---|---|---|
| 001 | u1124241 | ||
| 003 | SIRSI | ||
| 005 | 201910091225 | ||
| 008 | 191009s1990 enka m 000 0 eng | ||
| 040 | |a UMM |e rda | ||
| 043 | |a a-my--- | ||
| 090 | |a Z688 |b A3M4Kom | ||
| 100 | 0 | |a Komodhi Thaiveegan, |e author. | |
| 245 | 1 | 0 | |a Collection building : |b a case study of the Tamil Malaysiana collection in the University of Malaya Library / |c Komodhi Thaiveegan. |
| 264 | 1 | |c 1990. | |
| 300 | |a v, 101 leaves : |b illustrations ; |c 30 cm | ||
| 336 | |a text |2 rdacontent | ||
| 337 | |a unmediated |2 rdamedia | ||
| 338 | |a volume |2 rdacarrier | ||
| 500 | |a A Master's Dissertation submitted in partial fulfilment of the requirements for the award of Master of Arts Degree of the Loughborough University of technology. | ||
| 502 | |b M.A. |b Department of Library and Information Studies, Loughborough University of Technology |d 1990. | ||
| 504 | |a Bibliography: leaves 1-4. | ||
| 610 | 2 | 0 | |a Universiti Malaya. |b Perpustakaan. |
| 650 | 0 | |a Collection development (Libraries) |z Malaysia. | |
| 650 | 0 | |a Tamil imprints |z Malaysia. | |
| 650 | 0 | |a Indians |x Library resources. | |
| 710 | 2 | |a Loughborough University of Technology, |e degree granting institution. | |
| 596 | |a 1 | ||
| 900 | |a NSM | ||
| 999 | |a Z688 A3M4KOM |w LC |c 1 |i A517053902 |f 24/10/2019 |g 1 |l STACKS |m P01UTAMA |r Y |s Y |t TESIS |u 9/10/2019 |1 AHSS |o .STAFF. GIFT- Anonymous. | ||
